Joueurs avec 50 sélections et plus avec le XV de France. - Statistiques

Statistiques générales
  • Ce quiz a été pris 992 fois
    67 depuis la dernière actualisation
  • Le résultat moyen est 26 sur 70
Statistiques - réponses
Joueurs % Correct
Antoine Dupont
100%
Gaël Fickou
90%
Damian Penaud
76%
Thierry Dusautoir
73%
Fabien Pelous
71%
Thomas Ramos
68%
Julien Marchand
66%
Nicolas Mas
66%
Charles Ollivon
61%
Christophe Dominici
61%
Cyril Baille
61%
Grégory Alldritt
59%
Morgan Parra
59%
Fabien Galthié
56%
Guilhem Guirado
56%
Raphaël Ibanez
54%
Serge Blanco
54%
Philippe Sella
51%
Uini Atonio
51%
Pascal Papé
49%
Vincent Clerc
49%
Dimitri Yachvili
46%
Yoann Maestri
46%
Yannick Jauzion
44%
Yoan Huget
44%
Aurélien Rougerie
41%
Baptiste Serin
41%
Frédéric Michalak
41%
Maxime Médard
41%
Serge Betsen
41%
Damien Traille
39%
Imanol Harinordoquy
39%
Louis Picamoles
39%
Sébastien Chabal
39%
François Trinh-Duc
37%
Julien Bonnaire
37%
Philippe Saint-André
37%
Cédric Heymans
34%
Jean-Pierre Rives
34%
Lionel Nallet
34%
Romain Taofifénua
34%
Olivier Magne
32%
Abdelatif Benazzi
27%
Dimitri Szarzewski
27%
Jérôme Thion
24%
Mathieu Basatreaud
24%
Rabah Slimani
24%
Sylvain Marconnet
24%
Olivier Roumat
22%
Jean Prat
20%
Walter Spanghero
20%
Christian Califano
17%
Olivier Brouzet
17%
Robert Paparemborde
17%
Thomas Castaignède
17%
Amédée Domenech
15%
Philippe Dintrans
15%
Pierre Berbizier
15%
Franck Mesnel
12%
Pieter de Villiers
12%
Benoît Dauga
10%
Jean Condom
10%
Jean-Luc Sadourny
10%
Laurent Rodriguez
10%
Michel Crauste
10%
Olivier Milloud
10%
Philippe Benetton
10%
Jean-Luc Joinel
7%
Michel Celaya
7%
Roland Bertranne
7%
Aucun quiz correspondant
Distribution des résultats
% des personnes avec chaque résultat
Percentile par nombre de réponses
Votre historique - résultats
Vous n’avez pas pris ce quiz depuis la dernière actualisation